|
|
|
|
| LEADER |
01559nkm a2200397 a 4500 |
| 001 |
mzk03001084709 |
| 003 |
CZ BrMZK |
| 005 |
20160812104118.0 |
| 007 |
kj co| |
| 008 |
101214s1850 xr ||| f || k|gerod |
| 040 |
|
|
|a BOA001
|b cze
|
| 041 |
0 |
|
|a ger
|a cze
|
| 072 |
|
7 |
|a 72
|x Architektura
|2 Konspekt
|9 21
|
| 072 |
|
7 |
|a 76
|x Grafické umění. Grafika
|2 Konspekt
|9 21
|
| 080 |
|
|
|a (0.026.6)76
|2 MRF
|
| 080 |
|
|
|a (084.1)
|2 MRF
|
| 080 |
|
|
|a 721:904
|2 MRF
|
| 080 |
|
|
|a (437.312)
|2 MRF
|
| 100 |
1 |
|
|a Haun, August C.,
|d 1815-1894
|7 jn19990003242
|4 aut
|
| 245 |
1 |
0 |
|a Sternberg
|h [grafika] =
|b Český Šternberk /
|c Gez. u. lith. v. A. Haun ; Druck v. W. Korn in Berlin ; Verlag v. Eduard Hölzel in Olmütz ; Vervielfältigungsrecht verbehalten
|
| 246 |
3 |
1 |
|a Český Šternberk
|h [grafika]
|
| 260 |
|
|
|a in Olmütz :
|b Verlag v. Eduard Hölzel,
|c [1850?]
|
| 300 |
|
|
|a 1 list :
|b litografie, barev. ;
|c 19,5 x 26,5 cm na listu 34 x 44,5 cm
|
| 500 |
|
|
|a Pod obrazem název a vydavatelské údaje
|
| 546 |
|
|
|a Souběžný německý a český název
|
| 610 |
2 |
7 |
|a Český Šternberk (hrad)
|7 kn20050510085
|2 czenas
|
| 650 |
0 |
7 |
|a historické budovy
|7 ph120726
|2 czenas
|
| 651 |
|
7 |
|a Český Šternberk (Česko)
|7 ge241538
|2 czenas
|
| 655 |
|
7 |
|a grafické listy
|7 fd132404
|2 czenas
|
| 655 |
|
7 |
|a veduty
|7 fd133805
|2 czenas
|
| 700 |
1 |
|
|a Korn, W.
|4 pbl
|
| 856 |
4 |
1 |
|u http://www.digitalniknihovna.cz/mzk/uuid/uuid:ee9ac2af-045c-441c-9353-5f266fd5338d
|y Digitalizovaný dokument
|
| 910 |
|
|
|a BOA001
|b Skř.1S-1248.850,164
|
| 985 |
|
|
|a 1801-1850
|
| 990 |
|
|
|a GP
|
| 991 |
|
|
|k mzk
|